Countries, US States, Capitals, Elements, 100 Most Common Words: 68% Consonants or more - Statistics

General Stats
  • This quiz has been taken 268 times
  • The average score is 14 of 48
Answer Stats
% ANSWER % Correct
70% (7/10) Kyrgyzstan
69%
70% (7/10) Kazakhstan
60%
73% (8/11) Switzerland
54%
75% (9/12) Washington D.C.
53%
70% (7/10) Washington
52%
78% (7/9) Stockholm
47%
70% (7/10) Wellington
43%
71% (5/7) Krypton
41%
80% (4/5) Minsk
41%
69% (9/13) Czech Republic
38%
71% (5/7) Bishkek
36%
69% (9/13) Massachusetts
36%
70% (7/10) Bangladesh
34%
75% (6/8) Brussels
34%
73% (8/11) Netherlands
34%
80% (4/5) Which
33%
73% (8/11) Springfield
32%
78% (7/9) Phnom Penh
31%
71% (5/7) Tallinn
31%
75% (6/8) Bismarck
30%
71% (5/7) Finland
30%
71% (5/7) Baghdad
29%
71% (5/7) Bangkok
29%
75% (6/8) Tashkent
29%
75% (6/8) Kingston
27%
78% (7/9) Kingstown
27%
78% (7/9) Frankfort
26%
73% (11/15) Marshall Islands
24%
71% (5/7) Thimphu
23%
71% (5/7) Vermont
23%
75% (6/8) Richmond
22%
71% (5/7) Jackson
19%
80% (4/5) Think
19%
71% (5/7) Denmark
18%
75% (6/8) Tungsten
18%
75% (6/8) Hartford
17%
71% (5/7) Lansing
17%
70% (7/10) Bridgetown
16%
70% (7/10) Little Rock
16%
80% (4/5) First
15%
70% (7/10) Charleston
14%
70% (7/10) Phosphorus
14%
71% (5/7) Trenton
13%
70% (7/10) Harrisburg
11%
71% (5/7) Lincoln
11%
71% (5/7) Concord
10%
71% (5/7) Bismuth
9%
70% (7/10) Saint John's
7%
No matching quizzes found
Score Distribution
Percent of People with Each Score
Percentile by Number Answered
Your Score History
You have not taken this quiz